Normal view MARC view

Entry Personal Name

Number of records used in: 2

001 - CONTROL NUMBER

  • control field: 1109

003 - CONTROL NUMBER IDENTIFIER

  • control field: DLC

005 - DATE AND TIME OF LATEST TRANSACTION

  • control field: 20200109132648.0

008 - FIXED-LENGTH DATA ELEMENTS

  • fixed length control field: 940523n| azannaab |a aaa

010 ## - LIBRARY OF CONGRESS CONTROL NUMBER

  • LC control number: n 94049516

040 ## - CATALOGING SOURCE

  • Original cataloging agency: DLC
  • Language of cataloging: eng
  • Description conventions: rda
  • Transcribing agency: DLC
  • Modifying agency: DLC

046 ## - SPECIAL CODED DATES

  • Birth date: 1960-09-28
  • Source of date scheme: edtf

100 1# - HEADING--PERSONAL NAME

  • Personal name: Pathak, Akhileshwar,
  • Dates associated with a name: 1960-

370 ## - ASSOCIATED PLACE

  • Place of birth: Ahmadābād, India

371 ## - ADDRESS

  • Electronic mail address: akhil@iimahd.ernet.in

372 ## - FIELD OF ACTIVITY

  • Field of activity: Law
  • Field of activity: Rural development
  • Source of term: lcsh

373 ## - ASSOCIATED GROUP

  • Associated group: Institute of Rural Management (Ānand, India)
  • Source of term: naf

373 ## - ASSOCIATED GROUP

  • Associated group: Indian Institute of Management, Ahmedabad
  • Source of term: naf

374 ## - OCCUPATION

  • Occupation: College teachers
  • Source of term: lcsh

375 ## - GENDER

  • Gender: male

377 ## - ASSOCIATED LANGUAGE

  • Language code: eng

400 0# - SEE FROM TRACING--PERSONAL NAME

  • Personal name: Akhileshwar Pathak,
  • Dates associated with a name: 1960-

670 ## - SOURCE DATA FOUND

  • Source citation: His Contested domains, 1994:
  • Information found: CIP title page (Akhileshwar Pathak) data sheet (b. 9-28-60) pub. info. sheet (assistant professor, Institute of Rural Management, Anand; nationality: Indian)

670 ## - SOURCE DATA FOUND

  • Source citation: Consumer Protection Bill, 2015, 2015:
  • Information found: title page (Akhileshwar Pathak) page 2 (professor, Indian Institute of Management, Ahmedabad; email: akhil@iimahd.ernet.in)

Powered by Koha